Innovative Policy in Energy Industry of Ukraine dizertačná práca

Salvato in:
Dettagli Bibliografici
Autore principale: Kuznetsova, Mariya, 1992-
Ente Autore: Fakulta medzinárodných vzťahov EU. Katedra medzinárodných ekonomických vzťahov a hospodárskej diplomacie
Altri autori: Grešš, Martin, 1978-
Natura: Libro
Lingua:inglese
Pubblicazione: Bratislava 2025
Soggetti:
Tags: Aggiungi Tag
Nessun Tag, puoi essere il primo ad aggiungerne!!

MARC

LEADER 00000nbm a2200000 4500
001 0312259
005 20251007134305.8
041 0 |a eng 
044 |a SK 
245 1 0 |a Innovative Policy in Energy Industry of Ukraine  |b dizertačná práca  |c Mariya Kuznetsova ; školiteľ: Martin Grešš 
264 1 |a Bratislava  |c 2025 
300 |a 145 s. 
610 2 0 |a politika inovačná 
610 2 0 |a rozvoj trvalo udržateľný 
610 2 0 |a trh energetický 
610 2 0 |a technológia 
610 2 0 |a Ukrajina 
100 1 |a Kuznetsova, Mariya, 1992- 
700 1 |a Grešš, Martin, 1978- 
710 2 |a Fakulta medzinárodných vzťahov EU. Katedra medzinárodných ekonomických vzťahov a hospodárskej diplomacie